[Event "4NCL 2021-22"]
[Site "England"]
[Date "2022.02.12"]
[Round "3.55"]
[White "Miller, Dominic"]
[Black "Freeman, Gordon"]
[Result "1/2-1/2"]
[WhiteElo "2130"]
[BlackElo "2092"]
[Annotator "ChessBase"]
[PlyCount "126"]
[EventDate "2021.11.27"]
[EventType "team-tourn"]
[EventCountry "ENG"]
[SourceTitle "playchess.com"]
[Source "ChessBase"]
[SourceQuality "1"]
[TimeControl "40/6000+30:3000+30"]

1. e4 {[%emt 0:00:16]} c5 {[%emt 0:00:33]} 2. Nf3 {[%emt 0:00:09]} d6 {[%emt 0:00:16]} 3. d4 {[%emt 0:00:24]} cxd4 {[%emt 0:00:08]} 4. Nxd4 {[%emt 0:00:10]} Nf6 {[%emt 0:00:07]} 5. Nc3 {[%emt 0:00:18]} e6 {[%emt 0:00:16]} 6. g4 {[%emt 0:01:38]} h6 {[%emt 0:00:46]} 7. Rg1 {[%emt 0:04:48]} Nc6 {[%emt 0:01:42]} 8. h4 {[%emt 0:11:05]} d5 {[%emt 0:03:09]} 9. exd5 {[%emt 0:01:35]} Nxd5 {[%emt 0:00:13]} 10. Nxd5 {[%emt 0:01:54]} Qxd5 {[%emt 0:00:18]} 11. Bg2 {[%emt 0:00:14]} Qe5+ {[%emt 0:01:30]} 12. Be3 {[%emt 0:00:16]} Bd7 {[%emt 0:01:15]} 13. Nxc6 {[%emt 0:01:52]} Bxc6 {[%emt 0:00:20]} 14. Bxc6+ {[%emt 0:00:06]} bxc6 {[%emt 0:00:07]} 15. Qd4 {[%emt 0:01:54]} Qxd4 {[%emt 0:01:33]} 16. Bxd4 {[%emt 0:00:05]} Rg8 {[%emt 0:05:37]} 17. h5 {[%emt 0:20:28]} Be7 {[%emt 0:07:28]} 18. Rd1 {[%emt 0:39:18]} O-O-O {[%emt 0:11:56]} 19. Ke2 {[%emt 0:07:07]} a6 {[%emt 0:13:38]} 20. c4 {[%emt 0:02:56]} g6 {[%emt 0:09:44]} 21. hxg6 {[%emt 0:01:48]} Rxg6 {[%emt 0:00:42]} 22. f3 {[%emt 0:07:49]} f5 {[%emt 0:04:37]} 23. gxf5 {[%emt 0:03:18]} Rxg1 {[%emt 0:00:48]} 24. Bxg1 {[%emt 0:00:02]} Rxd1 {[%emt 0:00:20]} 25. Kxd1 {[%emt 0:00:04]} exf5 {[%emt 0:00:10]} 26. Bh2 {[%emt 0:01:36]} Kd7 {[%emt 0:01:32]} 27. Ke2 {[%emt 0:01:11]} h5 {[%emt 0:08:54]} 28. Kf2 {[%emt 0:01:01]} Ke6 {[%emt 0:15:13]} 29. Kg2 {[%emt 0:00:18]} Bf6 {[%emt 0:05:17]} 30. b4 {[%emt 0:01:09]} Bc3 {[%emt 0:13:38]} 31. Kh3 {[%emt 0:00:22]} Be1 {[%emt 0:02:30]} 32. Bg3 {[%emt 0:00:33]} Bxb4 {[%emt 0:00:25]} 33. Kh4 {[%emt 0:00:02]} Bd2 {[%emt 0:00:57]} 34. Kxh5 {[%emt 0:01:00]} f4 {[%emt 0:00:15]} 35. Bh2 {[%emt 0:00:01]} Kf5 {[%emt 0:00:29]} 36. Kh6 {[%emt 0:00:19]} Be3 {[%emt 0:00:57]} 37. Kh5 {[%emt 0:00:15]} Bf2 {[%emt 0:00:31]} 38. Kh6 {[%emt 0:00:16]} Bd4 {[%emt 0:00:51]} 39. Kh5 {[%emt 0:00:16]} Bf2 {[%emt 0:00:22]} 40. Kh6 {[%emt 0:00:18]} c5 {[%emt 0:00:47]} 41. Kh5 {[%emt 0:51:40]} a5 {[%emt 0:13:24]} 42. Kh6 {[%emt 0:00:00]} a4 {[%emt 0:03:18]} 43. Kh5 {[%emt 0:00:00]} a3 {[%emt 0:08:49]} 44. Kh6 {[%emt 0:00:00]} Be3 {[%emt 0:04:47]} 45. Kh5 {[%emt 0:00:00]} Ke5 {[%emt 0:02:06]} 46. Kg4 {[%emt 0:00:00]} Kd4 {[%emt 0:00:41]} 47. Bxf4 {[%emt 0:00:00]} Bxf4 {[%emt 0:00:23]} 48. Kxf4 {[%emt 0:00:00]} Kxc4 {[%emt 0:00:09]} 49. Ke4 {[%emt 0:00:00]} Kc3 {[%emt 0:00:48]} 50. f4 {[%emt 0:00:00]} c4 {[%emt 0:00:19]} 51. f5 {[%emt 0:00:00]} Kb2 {[%emt 0:00:35]} 52. f6 {[%emt 0:00:00]} c3 {[%emt 0:00:34]} 53. f7 {[%emt 0:00:00]} c2 {[%emt 0:00:15]} 54. f8=Q {[%emt 0:00:00]} c1=Q {[%emt 0:00:19]} 55. Qf2+ {[%emt 0:00:00]} Ka1 {[%emt 0:01:15]} 56. Kd3 {[%emt 0:00:00]} Qb1+ {[%emt 0:02:00]} 57. Qc2 {[%emt 0:00:00]} Qb5+ {[%emt 0:03:29]} 58. Kd2 {[%emt 0:00:00]} Qb2 {[%emt 0:00:58]} 59. Kd3 {[%emt 0:00:00]} Kxa2 {[%emt 0:00:32]} 60. Kd2 {[%emt 0:00:00]} Ka1 {[%emt 0:00:49]} 61. Kd3 {[%emt 0:00:00]} Qb5+ {[%emt 0:04:37]} 62. Kd2 {[%emt 0:00:00]} Qb4+ {[%emt 0:00:32]} 63. Kd3 {[%emt 0:00:00]} Qd6+ {[%emt 0:00:37]} 1/2-1/2

[Event "4NCL 2021-22"]
[Site "England"]
[Date "2022.02.12"]
[Round "3.56"]
[White "Jackson, Carl"]
[Black "Kolani, Arjun"]
[Result "0-1"]
[WhiteElo "1979"]
[BlackElo "2035"]
[Annotator "ChessBase"]
[PlyCount "72"]
[EventDate "2021.11.27"]
[EventType "team-tourn"]
[EventCountry "ENG"]
[SourceTitle "playchess.com"]
[Source "ChessBase"]
[SourceQuality "1"]
[TimeControl "40/6000+30:3000+30"]

1. b3 {[%emt 0:01:00]} Nf6 {[%emt 0:00:44]} 2. Bb2 {[%emt 0:00:06]} e6 {[%emt 0:00:26]} 3. Nf3 {[%emt 0:01:25]} d5 {[%emt 0:00:40]} 4. c4 {[%emt 0:03:29]} Be7 {[%emt 0:01:02]} 5. g3 {[%emt 0:01:20]} O-O {[%emt 0:04:56]} 6. Bg2 {[%emt 0:01:49]} b6 {[%emt 0:04:41]} 7. O-O {[%emt 0:02:52]} Bb7 {[%emt 0:01:29]} 8. d4 {[%emt 0:02:01]} Nbd7 {[%emt 0:07:27]} 9. Nc3 {[%emt 0:03:33]} Ne4 {[%emt 0:03:58]} 10. Nxe4 {[%emt 0:12:43]} dxe4 {[%emt 0:00:28]} 11. Nd2 {[%emt 0:00:14]} f5 {[%emt 0:02:59]} 12. Qc2 {[%emt 0:16:28]} c5 {[%emt 0:08:15]} 13. Rfd1 {[%emt 0:02:51]} Qc7 {[%emt 0:03:57]} 14. e3 {[%emt 0:04:00]} Bf6 {[%emt 0:04:43]} 15. Nf1 {[%emt 0:08:44]} Rad8 {[%emt 0:18:57]} 16. Qe2 {[%emt 0:04:16]} Nb8 {[%emt 0:08:59]} 17. Rac1 {[%emt 0:15:21]} Nc6 {[%emt 0:08:02]} 18. dxc5 {[%emt 0:04:03]} Bxb2 {[%emt 0:02:37]} 19. Qxb2 {[%emt 0:00:31]} bxc5 {[%emt 0:00:57]} 20. Nd2 {[%emt 0:13:27]} Ne5 {[%emt 0:04:20]} 21. Bf1 {[%emt 0:01:07]} g5 {[%emt 0:09:39]} 22. Qc2 {[%emt 0:08:51]} Rd7 {[%emt 0:10:53]} 23. Be2 {[%emt 0:00:17]} Rdf7 {[%emt 0:00:54]} 24. Rf1 {[%emt 0:00:44]} Rd8 {[%emt 0:00:45]} 25. f4 {[%emt 0:00:31]} exf3 {[%emt 0:00:32]} 26. Nxf3 {[%emt 0:00:38]} Ng4 {[%emt 0:00:31]} 27. Qc3 {[%emt 0:00:44]} Bxf3 {[%emt 0:00:25]} 28. Bxf3 {[%emt 0:00:20]} Ne5 {[%emt 0:00:09]} 29. Bh5 {[%emt 0:00:49]} Rfd7 {[%emt 0:00:18]} 30. Rcd1 {[%emt 0:00:03]} g4 {[%emt 0:01:00]} 31. Rxd7 {[%emt 0:00:46]} Rxd7 {[%emt 0:00:09]} 32. e4 {[%emt 0:00:39]} Rd3 {[%emt 0:00:57]} 33. Qc1 {[%emt 0:00:43]} Nf3+ {[%emt 0:00:25]} 34. Rxf3 {[%emt 0:00:12]} gxf3 {[%emt 0:00:10]} 35. exf5 {[%emt 0:00:18]} Qd8 {[%emt 0:00:14]} 36. Kf2 {[%emt 0:00:55]} Qd4+ {[%emt 0:00:08]} 0-1

[Event "4NCL 2021-22"]
[Site "England"]
[Date "2022.02.12"]
[Round "3.57"]
[White "Tanmay Chopra"]
[Black "Wall, Tim P"]
[Result "1/2-1/2"]
[WhiteElo "2313"]
[BlackElo "2281"]
[Annotator "TA"]
[PlyCount "94"]
[EventDate "2021.11.27"]
[EventType "team-tourn"]
[EventCountry "ENG"]
[SourceTitle "playchess.com"]
[Source "ChessBase"]
[SourceQuality "1"]

{[%evp 9,94,5,18,22,35,10,39,41,62,52,59,54,56,54,48,8,68,72,85,81,100,97,100,85,96,98,138,135,265,263,308,330,317,307,318,302,455,416,410,407,393,270,325,303,317,276,292,277,272,226,214,209,238,201,286,187,214,193,184,134,138,18,8,0,32,15,15,14,14,13,31,-83,-118,-473,-472,-464,-450,-404,-139,-308,-289,-276,0,-71,0,-285,0]} 1. d4 f5 2. b3 Nf6 3. Bb2 e6 4. g3 d5 5. Nd2 Be7 6. Bg2 {[#] A80: Dutch Defence: Unusual White second moves.} Nc6 $146 ({Predecessor:} 6... O-O 7. Ngf3 Nbd7 8. Ne5 Nxe5 9. dxe5 Ne4 10. O-O Bc5 11. e3 Bd7 12. c4 c6 {½-½ (21) Rossmann,A (1920)-Tabbert,D (1649) Mecklenburg VP 2019}) 7. Ngf3 Ne4 8. c4 {White is slightly better.} Bd7 9. a3 Bf6 10. e3 O-O 11. O-O Be8 12. Ne1 {[%cal Bf3e1,Be1d3,Bd3c5,Bc5a4,Ba4c3,Bc3b5][%mdl 32]} a5 (12... Na5 $11) 13. Nd3 $14 a4 14. Nxe4 fxe4 15. Nc5 Qe7 16. Nxa4 (16. Nxb7 Rb8 17. Nc5 Na5) 16... Na5 17. Nc3 Bc6 18. Qc2 Bg5 (18... Qf7 $16 19. Nb5 Qd7) 19. cxd5 $18 exd5 20. b4 Nc4 21. b5 Bxb5 (21... Nxb2 $2 22. bxc6 bxc6 23. Qxb2 $18) 22. Nxb5 Rf3 (22... c6 {was called for.} 23. Nc3 Qf7) 23. Bxf3 exf3 {[#]} 24. Qf5 {[%csl LRd5,LRf3] Prevents Qe6.} c6 25. Qxf3 Rf8 26. Qe2 cxb5 27. Rae1 Qe4 28. Bc1 Rf3 29. Rd1 h5 30. Qd3 {Qxe4 is the strong threat.} Qg4 31. Qg6 {aiming for Qe8+.} Rf6 (31... h4 $142) 32. h3 Qxg3+ 33. fxg3 Rxg6 34. Kf2 (34. Rf5 $18) 34... Nd6 35. g4 (35. Ke2 $16) 35... Ne4+ 36. Kg2 Be7 37. Rf4 Bd6 38. Rf5 {[%csl LRd5,LRh5]} hxg4 39. h4 (39. Rxd5 gxh3+ 40. Kf3 h2 $1 $17) 39... Rh6 40. h5 (40. Rxd5 $14 {stays ahead.} Nc3 41. e4 $1) 40... g6 $17 41. hxg6 {[%mdl 8192]} (41. Rxd5 $17 {was the crucial defense.} gxh5 42. Bd2 (42. Rxb5 $2 h4 $19)) 41... Rh2+ $19 42. Kg1 Rc2 {( -> ...Bh2+)} (42... Nc3 43. Rd2 Ne2+ 44. Rxe2 $1 Rxe2 45. Rxd5 $15) 43. Rh5 {Prevents Bh2+.} Ng3 $2 (43... Kg7 $19 44. Rh7+ (44. Rxd5 $2 {gets mated.} Bh2+ 45. Kf1 Ng3+ 46. Ke1 Re2#) 44... Kxg6) 44. Rg5 $2 (44. Rxd5 $2 Ne2+ 45. Kf1 Nc3 $1) (44. Rh7 $17 {was necessary.}) 44... Ne2+ 45. Kf1 Ng3+ $2 (45... Nxc1 $19 {and Black stays clearly on top.} 46. Rxd5 Bg3) 46. Kg1 $17 {[#]} Ne2+ $2 (46... b4 $1 $17 {Hoping for ...Ne2+.} 47. axb4 (47. Rxd5 $2 Ne2+ 48. Kf1 Nc3 $19) 47... Ne2+ 48. Kf1 Nc3) 47. Kf1 $19 Ng3+ $2 {Never resign too early!  Weighted Error Value: White=0.39/Black=0.37} ({Black should play} 47... Nxc1 $19 48. Rxd5 Bg3) 1/2-1/2

[Event "4NCL 2021-22"]
[Site "England"]
[Date "2022.02.12"]
[Round "3.58"]
[White "Townsend, M Paul"]
[Black "Bisby, Daniel L"]
[Result "1/2-1/2"]
[WhiteElo "2284"]
[BlackElo "2296"]
[Annotator "ChessBase"]
[PlyCount "110"]
[EventDate "2021.11.27"]
[EventType "team-tourn"]
[EventCountry "ENG"]
[SourceTitle "playchess.com"]
[Source "ChessBase"]
[SourceQuality "1"]
[TimeControl "40/6000+30:3000+30"]

1. d4 {[%emt 0:00:04]} Nf6 {[%emt 0:05:27]} 2. c4 {[%emt 0:00:21]} g6 {[%emt 0:00:07]} 3. Nc3 {[%emt 0:00:17]} Bg7 {[%emt 0:00:08]} 4. e4 {[%emt 0:00:25]} O-O {[%emt 0:00:25]} 5. Nf3 {[%emt 0:00:22]} d6 {[%emt 0:00:21]} 6. Be2 {[%emt 0:00:12]} e5 {[%emt 0:01:06]} 7. O-O {[%emt 0:00:28]} Nh5 {[%emt 0:03:53]} 8. g3 {[%emt 0:00:40]} Na6 {[%emt 0:07:19]} 9. dxe5 {[%emt 0:25:58]} dxe5 {[%emt 0:00:18]} 10. Be3 {[%emt 0:01:15]} Nf6 {[%emt 0:17:14]} 11. Nxe5 {[%emt 0:23:10]} Nxe4 {[%emt 0:02:40]} 12. Nxe4 {[%emt 0:02:05]} Bxe5 {[%emt 0:00:49]} 13. Qb3 {[%emt 0:12:39]} Qe7 {[%emt 0:05:47]} 14. Bf3 {[%emt 0:06:21]} c6 {[%emt 0:14:32]} 15. Rfe1 {[%emt 0:03:20]} Qb4 {[%emt 0:06:28]} 16. Bh6 {[%emt 0:07:48]} Qxb3 {[%emt 0:12:14]} 17. axb3 {[%emt 0:00:10]} Rd8 {[%emt 0:08:03]} 18. Bg5 {[%emt 0:01:48]} Rd3 {[%emt 0:01:49]} 19. Nf6+ {[%emt 0:07:43]} Bxf6 {[%emt 0:00:20]} 20. Bxf6 {[%emt 0:00:04]} Be6 {[%emt 0:08:27]} 21. Bxc6 {[%emt 0:05:14]} Nc5 {[%emt 0:01:09]} 22. Bg2 {[%emt 0:01:48]} Rxb3 {[%emt 0:03:11]} 23. Bd4 {[%emt 0:03:08]} Nd7 {[%emt 0:05:20]} 24. Re3 {[%emt 0:03:00]} Rb4 {[%emt 0:01:56]} 25. b3 {[%emt 0:00:27]} a5 {[%emt 0:00:17]} 26. Bc3 {[%emt 0:03:00]} Rxb3 {[%emt 0:00:17]} 27. Rxa5 {[%emt 0:00:37]} Rxa5 {[%emt 0:01:41]} 28. Bxa5 {[%emt 0:00:03]} Rxe3 {[%emt 0:00:29]} 29. fxe3 {[%emt 0:00:03]} b6 {[%emt 0:00:30]} 30. Bc3 {[%emt 0:01:10]} Bxc4 {[%emt 0:00:11]} 31. Bc6 {[%emt 0:00:17]} Nc5 {[%emt 0:00:32]} 32. Bd4 {[%emt 0:01:26]} Kf8 {[%emt 0:00:54]} 33. Kf2 {[%emt 0:00:22]} Ke7 {[%emt 0:01:03]} 34. Ke1 {[%emt 0:00:56]} Kd6 {[%emt 0:00:21]} 35. Bf3 {[%emt 0:00:15]} b5 {[%emt 0:01:11]} 36. Bc3 {[%emt 0:00:37]} Nd3+ {[%emt 0:01:02]} 37. Kd2 {[%emt 0:00:11]} b4 {[%emt 0:00:24]} 38. Bg7 {[%emt 0:00:21]} Ne5 {[%emt 0:00:35]} 39. Bf8+ {[%emt 0:00:23]} Ke6 {[%emt 0:00:14]} 40. Bg2 {[%emt 0:00:52]} b3 {[%emt 0:00:56]} 41. Kc3 {[%emt 0:51:08]} f5 {[%emt 0:08:39]} 42. e4 {[%emt 0:00:00]} fxe4 {[%emt 0:01:27]} 43. Bxe4 {[%emt 0:00:00]} Bd5 {[%emt 0:00:35]} 44. Bd3 {[%emt 0:00:00]} Ng4 {[%emt 0:16:08]} 45. h4 {[%emt 0:00:00]} Nf6 {[%emt 0:00:20]} 46. Bc5 {[%emt 0:00:00]} Be4 {[%emt 0:07:26]} 47. Be2 {[%emt 0:00:00]} Bc2 {[%emt 0:01:40]} 48. Bf3 {[%emt 0:00:00]} Be4 {[%emt 0:06:24]} 49. Be2 {[%emt 0:00:00]} Kf5 {[%emt 0:00:34]} 50. Kxb3 {[%emt 0:00:00]} Bd5+ {[%emt 0:01:26]} 51. Kc2 {[%emt 0:00:00]} Ne4 {[%emt 0:00:34]} 52. Bd3 {[%emt 0:00:00]} Kg4 {[%emt 0:00:10]} 53. Bxe4 {[%emt 0:00:00]} Bxe4+ {[%emt 0:00:06]} 54. Kd2 {[%emt 0:00:00]} Kxg3 {[%emt 0:00:27]} 55. Be7 {[%emt 0:00:00]} h5 {[%emt 0:00:24]} 1/2-1/2

[Event "4NCL 2021-22"]
[Site "England"]
[Date "2022.02.12"]
[Round "3.59"]
[White "Hill, Alistair"]
[Black "Barry, Colm"]
[Result "0-1"]
[WhiteElo "2236"]
[BlackElo "2241"]
[Annotator "ChessBase"]
[PlyCount "94"]
[EventDate "2021.11.27"]
[EventType "team-tourn"]
[EventCountry "ENG"]
[SourceTitle "playchess.com"]
[Source "ChessBase"]
[SourceQuality "1"]
[TimeControl "40/6000+30:3000+30"]

1. e4 {[%emt 0:01:31]} e5 {[%emt 0:07:58]} 2. Nf3 {[%emt 0:00:08]} d6 {[%emt 0:00:31]} 3. d4 {[%emt 0:00:19]} Nf6 {[%emt 0:00:23]} 4. dxe5 {[%emt 0:01:43]} Nxe4 {[%emt 0:00:10]} 5. Bc4 {[%emt 0:00:18]} c6 {[%emt 0:00:17]} 6. O-O {[%emt 0:00:15]} d5 {[%emt 0:00:27]} 7. Bd3 {[%emt 0:00:23]} Nc5 {[%emt 0:08:10]} 8. Be2 {[%emt 0:11:21]} Be7 {[%emt 0:01:35]} 9. h3 {[%emt 0:06:58]} O-O {[%emt 0:01:54]} 10. Be3 {[%emt 0:08:21]} Nbd7 {[%emt 0:19:06]} 11. Nbd2 {[%emt 0:03:43]} Qc7 {[%emt 0:05:45]} 12. Bf4 {[%emt 0:12:57]} Ne6 {[%emt 0:03:49]} 13. Bg3 {[%emt 0:00:18]} Qb6 {[%emt 0:02:08]} 14. Nb3 {[%emt 0:05:02]} Ndc5 {[%emt 0:03:02]} 15. Nfd2 {[%emt 0:05:19]} a5 {[%emt 0:12:22]} 16. c3 {[%emt 0:04:34]} a4 {[%emt 0:04:09]} 17. Nxc5 {[%emt 0:02:05]} Nxc5 {[%emt 0:01:08]} 18. Qc2 {[%emt 0:00:26]} g6 {[%emt 0:03:40]} 19. Bg4 {[%emt 0:10:20]} Bg5 {[%emt 0:13:42]} 20. Bxc8 {[%emt 0:03:11]} Raxc8 {[%emt 0:00:16]} 21. Bh2 {[%emt 0:06:01]} Bh6 {[%emt 0:04:18]} 22. Kh1 {[%emt 0:01:26]} Qa6 {[%emt 0:03:27]} 23. f4 {[%emt 0:07:10]} Qd3 {[%emt 0:00:51]} 24. Qd1 {[%emt 0:03:57]} f5 {[%emt 0:01:02]} 25. Bg1 {[%emt 0:01:47]} Ne6 {[%emt 0:00:34]} 26. Rf3 {[%emt 0:01:15]} Qb5 {[%emt 0:00:22]} 27. Be3 {[%emt 0:02:49]} Qxb2 {[%emt 0:01:49]} 28. Rb1 {[%emt 0:04:34]} Qxa2 {[%emt 0:00:58]} 29. Rf2 {[%emt 0:01:40]} Qa3 {[%emt 0:00:24]} 30. Rxb7 {[%emt 0:00:46]} Qxc3 {[%emt 0:01:33]} 31. Rf3 {[%emt 0:00:02]} Qa5 {[%emt 0:02:46]} 32. Ra7 {[%emt 0:00:11]} Qb5 {[%emt 0:02:06]} 33. Rxa4 {[%emt 0:03:19]} c5 {[%emt 0:00:56]} 34. Nf1 {[%emt 0:02:17]} d4 {[%emt 0:01:43]} 35. Bc1 {[%emt 0:00:08]} c4 {[%emt 0:01:12]} 36. Rfa3 {[%emt 0:00:34]} Qd5 {[%emt 0:01:23]} 37. Ra5 {[%emt 0:00:57]} Qe4 {[%emt 0:00:32]} 38. Ng3 {[%emt 0:00:29]} Qb1 {[%emt 0:00:44]} 39. Ra1 {[%emt 0:00:14]} Qb3 {[%emt 0:00:43]} 40. Qe1 {[%emt 0:01:06]} Bxf4 {[%emt 0:01:18]} 41. Bxf4 {[%emt 0:50:33]} Nxf4 {[%emt 0:50:12]} 42. R1a3 {[%emt 0:00:00]} Qb2 {[%emt 0:00:00]} 43. Ra2 {[%emt 0:00:00]} Nd3 {[%emt 0:00:00]} 44. Rxb2 {[%emt 0:00:00]} Nxe1 {[%emt 0:00:00]} 45. e6 {[%emt 0:00:00]} Rc7 {[%emt 0:00:00]} 46. Re2 {[%emt 0:00:00]} Nd3 {[%emt 0:00:00]} 47. Rd5 {[%emt 0:00:00]} Nf4 {[%emt 0:00:00]} 0-1

[Event "4NCL 2021-22"]
[Site "England"]
[Date "2022.02.12"]
[Round "3.60"]
[White "Walton, Alan J"]
[Black "McClement, Andrew"]
[Result "1/2-1/2"]
[WhiteElo "2116"]
[BlackElo "2221"]
[Annotator "ChessBase"]
[PlyCount "29"]
[EventDate "2021.11.27"]
[EventType "team-tourn"]
[EventCountry "ENG"]
[SourceTitle "playchess.com"]
[Source "ChessBase"]
[SourceQuality "1"]
[TimeControl "40/6000+30:3000+30"]

1. d4 {[%emt 0:00:06]} Nf6 {[%emt 0:00:03]} 2. Bg5 {[%emt 0:00:06]} e6 {[%emt 0:00:03]} 3. e4 {[%emt 0:01:26]} h6 {[%emt 0:00:05]} 4. Bxf6 {[%emt 0:00:41]} Qxf6 {[%emt 0:00:07]} 5. Nc3 {[%emt 0:01:26]} Bb4 {[%emt 0:00:05]} 6. Qd2 {[%emt 0:00:53]} d5 {[%emt 0:00:15]} 7. Bd3 {[%emt 0:10:18]} O-O {[%emt 0:01:49]} 8. Nf3 {[%emt 0:17:56]} c5 {[%emt 0:03:12]} 9. exd5 {[%emt 0:04:50]} cxd4 {[%emt 0:03:55]} 10. Nxd4 {[%emt 0:01:01]} Rd8 {[%emt 0:00:08]} 11. O-O {[%emt 0:08:27]} exd5 {[%emt 0:02:53]} 12. Rad1 {[%emt 0:09:06]} Nc6 {[%emt 0:46:49]} 13. Nxc6 {[%emt 0:08:54]} Bxc3 {[%emt 0:00:38]} 14. Ne7+ {[%emt 0:00:53]} Qxe7 {[%emt 0:01:45]} 15. Qxc3 {[%emt 0:00:33]} 1/2-1/2

[Event "4NCL 2021-22"]
[Site "England"]
[Date "2022.02.12"]
[Round "3.61"]
[White "Robertson, J Stuart"]
[Black "Gayson, Peter M"]
[Result "1-0"]
[WhiteElo "2174"]
[BlackElo "2127"]
[Annotator "NA"]
[PlyCount "63"]
[EventDate "2021.11.27"]
[EventType "team-tourn"]
[EventCountry "ENG"]
[SourceTitle "playchess.com"]
[Source "ChessBase"]
[SourceQuality "1"]
[TimeControl "40/6000+30:3000+30"]

1. d4 {[%emt 0:03:05]} f5 {[%emt 0:00:15]} 2. Bg5 {[%emt 0:00:22]} g6 {[%emt 0:00:20]} 3. Nc3 {[%emt 0:00:10]} Bg7 {[%emt 0:01:11]} 4. h4 {[%emt 0:00:22]} d6 {[%emt 0:02:54]} 5. e4 {[%emt 0:02:52]} fxe4 {[%emt 0:04:41]} 6. Nxe4 {[%emt 0:01:03]} Nf6 {[%emt 0:02:11]} 7. Ng3 {[%emt 0:05:57]} Nc6 {[%emt 0:25:51]} 8. Bc4 {[%emt 0:12:51]} d5 {[%emt 0:04:26]} 9. Bb3 {[%emt 0:05:24]} Bg4 {[%emt 0:08:39]} 10. f3 {[%emt 0:09:13]} Be6 {[%emt 0:06:27]} 11. N1e2 {[%emt 0:05:48]} Qd7 {[%emt 0:05:03]} 12. Qd2 {[%emt 0:01:23]} O-O-O {[%emt 0:03:02]} 13. O-O-O {[%emt 0:04:08]} Bf7 {[%emt 0:03:16]} 14. Ba4 {[%emt 0:04:49]} Kb8 {[%emt 0:05:27]} 15. Kb1 {[%emt 0:00:41]} h6 {[%emt 0:06:41]} 16. Be3 {[%emt 0:08:16]} Ne8 {[%emt 0:03:09]} 17. Qc3 {[%emt 0:08:46]} Nd6 {[%emt 0:04:51]} 18. Bf4 {[%emt 0:09:23]} Nc4 {[%emt 0:02:29]} 19. Nc1 {[%emt 0:01:45]} e5 {[%emt 0:11:25]} 20. Bxe5 {[%emt 0:02:57]} Bxe5 {[%emt 0:04:47]} 21. dxe5 {[%emt 0:00:03]} N4xe5 {[%emt 0:00:16]} 22. Rhe1 {[%emt 0:03:31]} Nc4 {[%emt 0:00:55]} 23. Qf6 {[%emt 0:01:24]} Rhe8 {[%emt 0:01:01]} 24. Bxc6 {[%emt 0:02:48]} bxc6 {[%emt 0:00:19]} 25. Nd3 {[%emt 0:03:03]} Qd6 {[%emt 0:02:22]} 26. Qxf7 {[%emt 0:02:29]} Rxe1 {[%emt 0:00:02]} 27. Rxe1 {[%emt 0:00:06]} Qxg3 {[%emt 0:00:07]} 28. b3 {[%emt 0:01:07]} Nd6 {[%emt 0:00:39]} 29. Qf6 {[%emt 0:00:18]} Nb7 {[%emt 0:00:52]} 30. Re6 {[%emt 0:03:07]} Qxg2 {[%emt 0:00:12]} 31. Nb4 {[%emt 0:00:45]} Qg1+ {[%emt 0:01:32]} 32. Kb2 {[%emt 0:00:05]} 1-0

[Event "4NCL 2021-22"]
[Site "England"]
[Date "2022.02.12"]
[Round "3.62"]
[White "Arnott, Jonathan W"]
[Black "Stewart, Ashley"]
[Result "1-0"]
[WhiteElo "2121"]
[BlackElo "2062"]
[Annotator "ChessBase"]
[PlyCount "65"]
[EventDate "2021.11.27"]
[EventType "team-tourn"]
[EventCountry "ENG"]
[SourceTitle "playchess.com"]
[Source "ChessBase"]
[SourceQuality "1"]
[TimeControl "40/6000+30:3000+30"]

1. e4 {[%emt 0:00:04]} c5 {[%emt 0:00:04]} 2. Be2 {[%emt 0:00:12]} Nc6 {[%emt 0:00:14]} 3. d3 {[%emt 0:00:13]} g6 {[%emt 0:00:16]} 4. f4 {[%emt 0:00:06]} Bg7 {[%emt 0:00:05]} 5. Nf3 {[%emt 0:00:08]} d6 {[%emt 0:01:09]} 6. O-O {[%emt 0:00:07]} e6 {[%emt 0:00:30]} 7. Qe1 {[%emt 0:01:03]} Nge7 {[%emt 0:00:56]} 8. c3 {[%emt 0:01:56]} O-O {[%emt 0:04:26]} 9. Be3 {[%emt 0:00:18]} b6 {[%emt 0:04:24]} 10. Nbd2 {[%emt 0:02:09]} Bb7 {[%emt 0:01:51]} 11. d4 {[%emt 0:05:32]} Qd7 {[%emt 0:05:06]} 12. Qh4 {[%emt 0:15:49]} f5 {[%emt 0:06:43]} 13. dxc5 {[%emt 0:03:41]} bxc5 {[%emt 0:07:52]} 14. Rad1 {[%emt 0:17:09]} fxe4 {[%emt 0:07:18]} 15. Ng5 {[%emt 0:13:47]} h6 {[%emt 0:02:45]} 16. Ngxe4 {[%emt 0:00:49]} Nf5 {[%emt 0:10:57]} 17. Qh3 {[%emt 0:01:57]} Nce7 {[%emt 0:06:08]} 18. g4 {[%emt 0:07:01]} Nxe3 {[%emt 0:01:16]} 19. Qxe3 {[%emt 0:00:05]} Nd5 {[%emt 0:06:13]} 20. Qg3 {[%emt 0:02:17]} e5 {[%emt 0:06:26]} 21. f5 {[%emt 0:04:31]} Nf4 {[%emt 0:09:33]} 22. Rf2 {[%emt 0:05:15]} gxf5 {[%emt 0:04:30]} 23. gxf5 {[%emt 0:00:19]} Nxe2+ {[%emt 0:03:33]} 24. Rxe2 {[%emt 0:00:04]} Rxf5 {[%emt 0:00:16]} 25. Rg2 {[%emt 0:01:15]} Rf7 {[%emt 0:02:55]} 26. Qg6 {[%emt 0:01:46]} Kh8 {[%emt 0:09:02]} 27. Nxd6 {[%emt 0:15:40]} Rf6 {[%emt 0:02:01]} 28. Qxg7+ {[%emt 0:00:21]} Qxg7 {[%emt 0:00:01]} 29. Rxg7 {[%emt 0:00:07]} Kxg7 {[%emt 0:01:01]} 30. Nxb7 {[%emt 0:00:10]} Rb8 {[%emt 0:03:15]} 31. Nxc5 {[%emt 0:01:59]} Rxb2 {[%emt 0:00:51]} 32. a4 {[%emt 0:03:54]} Rd6 {[%emt 0:01:03]} 33. Nce4 {[%emt 0:00:23]} 1-0